| 000 | 01144nas a2200301 4500 | ||
|---|---|---|---|
| 001 | BR2015004499 | ||
| 003 | BR-BrBNA | ||
| 005 | 20231205125612.0 | ||
| 007 | ta | ||
| 008 | 230509b bl.|||p| |||| 00| 00por d | ||
| 040 |
_aBR-BrBNA _bpor _cBiblioteca Nacional de Agricultura |
||
| 041 | _a(Pt) | ||
| 072 | _aJ11; F01 | ||
| 100 | 1 | _aLaschi, D. | |
| 100 | 1 | _aHulshof, T. | |
| 100 | 1 | _aCarribeiro, L.S. | |
| 100 | 1 | _aPires, N.C. da C. | |
| 100 | 1 | _aSanches, L.V.C. | |
| 111 | 1 |
_a16° Congresso Brasileiro de Floricultura e Plantas Ornamentais; 3° Congresso Brasileiro de Cultura de Tecidos de Plantas; 1° Simpósio de Plantas Ornamentais Nativas _cGoiânia, GO (Brazil) _d10-15 Sep 2007 |
|
| 245 | 1 | _aEfeitos de diferentes tratamentos na pós colheita de Gérbera ( Gérbera jamensonii ) de corte | |
| 650 | _aPLANTA ORNAMENTAL | ||
| 650 | _aFLORICULTURA | ||
| 650 | _aFLOR PARA CORTE | ||
| 650 | _aREFRIGERAÇÃO | ||
| 773 | 0 |
_tRevista Brasileira de Horticultura Ornamental (Brazil) _xISSN 1809-6093 _g(Sep 2007), v. 13(Suplemento) p. 106-110 _wBR2015004499 |
|
| 909 |
_a202311 _bLúcia _c55 _dLúcia Elande |
||
| 942 |
_2AGRIS _n0 _cANA |
||
| 999 |
_c245128 _d245128 |
||